00885nam a22002537a 450000500170000001000130001702000100003003500130004003700160005304000120006908200160008124500950009726000440019227000480023630000270028450000410031165000300035265000330038270000260041570000230044194200250046499900190048995201230050820170124110211.0 aA-169860 c00.00 aA-169860 bCen Lib/Ret aDPLbEN a301.32bDYN aDynamics of population and family welfare, 1983 /ceditd by K. Srinivasan [and] S. Mukerji bHimalaya Publishing HouseaBombayc1983 bBombaya"Ramdoot" Dr. Bhalerao Marge400004 axxxii,425p. c21cm(Hb) aIncludes bibliographical references  aIndia -- Population99171 aBirth control -- India99170 aSrinivasan, K.938150 aMukerji, S.938151 2ddccENh301.32mDYN c133515d133515 00104070aLbLd2015-07-27eCen Lib/Retg0.00l0o301.32 DYNpA-169860r2015-07-27 00:00:00t1v0.00w2015-07-27yEN